MARC

LEADER 00000nam0a2200000 4500
001 99949
005 20231031111959.0
010 |a 5247009592 
020 |a RU  |b 91-38922 
035 |a (RuTPU)RU\TPU\book\107490 
090 |a 99949 
100 |a 20060801d1991 k a0rusy5003 ca 
101 0 |a rus 
102 |a RU 
105 |a a z 001zy 
200 1 |a Методы извлечения остаточной нефти  |f М. Л. Сургучев [и др.] 
210 |a Москва  |c Недра  |d 1991 
215 |a 346,[1] с.  |c ил.  |d 22 см 
300 |a Авт. указаны на обороте тит. л. 
320 |a Библиогр.: с. 341-344 (63 назв.) 
610 1 |a нефтяные пласты 
610 1 |a заводнение 
610 1 |a нефтеотдача 
610 1 |a добыча 
610 1 |a математическое моделирование 
610 1 |a новые технологии 
675 |a 622.276.4  |z rus 
701 1 |a Сургучев  |b М. Л.  |g Михил Леонтьевич 
701 1 |a Горбунов  |b А. Т.  |g Андрей Тимофеевич 
701 1 |a Забродин  |b Д. П.  |g Дмитрий Павлович 
701 1 |a Зискин  |b Е. А. 
801 0 |a RU  |b RuMRKP  |c 19950417  |g psbo 
801 1 |a RU  |b 63413507  |c 20060801  |g PSBO 
801 2 |a RU  |b 63413507  |c 20130702  |g PSBO 
900 |a Мониторинг и регулирование процессов извлечения нефти 
942 |c BK